[Event "CZE-ch U16"]
[Site "Herlikovice"]
[Date "2021.10.25"]
[Round "3"]
[White "Hosova, Sandra"]
[Black "Mametev, Artem"]
[Result "0-1"]
[WhiteElo "1458"]
[BlackElo "1760"]
[PlyCount "72"]
[EventDate "2021.10.23"]
[EventType "swiss"]
[EventRounds "9"]
[EventCountry "CZE"]
[SourceTitle "EXT 2023"]
[Source "ChessBase"]
[SourceDate "2022.10.05"]
[SourceVersion "1"]
[SourceVersionDate "2022.10.05"]
[SourceQuality "1"]

1. e4 c5 2. Nf3 a6 3. d4 cxd4 4. Nxd4 Nf6 5. Nc3 e5 6. Nb3 Bb4 7. Nd2 d6 8. a3 Bxc3 9. bxc3 0-0 10. Be2 Nbd7 11. 0-0 Nc5 12. Bd3 Be6 13. Re1 Na4 14. c4 Bg4 15. Nf3 Rc8 16. Bg5 h6 17. Bh4 g5 18. Bg3 Nc5 19. Qe2 Nh5 20. Qe3 Qf6 21. Nd2 Nf4 22. f3 Bd7 23. Nb3 Nce6 24. Red1 b5 25. cxb5 axb5 26. Qa7 Rfd8 27. Qa6 Nc5 28. Nxc5 Rxc5 29. Rab1 Nxd3 30. cxd3 Rdc8 31. Bf2 Rc2 32. d4 Qe6 33. dxe5 Qa2 34. Qa7 R8c5 35. Qxd7 Rxf2 36. Qh3 Rc7 0-1

[Event "CZE-ch U16"]
[Site "Herlikovice"]
[Date "2021.10.24"]
[Round "2"]
[White "Mametev, Artem"]
[Black "Soucek, Petr"]
[Result "0-1"]
[WhiteElo "1760"]
[BlackElo "2140"]
[PlyCount "47"]
[EventDate "2021.10.23"]
[EventType "swiss"]
[EventRounds "9"]
[EventCountry "CZE"]
[SourceTitle "EXT 2023"]
[Source "ChessBase"]
[SourceDate "2022.10.05"]
[SourceVersion "1"]
[SourceVersionDate "2022.10.05"]
[SourceQuality "1"]

1. e4 d6 2. d4 Nf6 3. Nc3 g6 4. f3 c6 5. Be3 Nbd7 6. Qd2 b5 7. g4 Bg7 8. h4 h5 9. g5 Nh7 10. 0-0-0 Nb6 11. Bd3 b4 12. Nce2 a5 13. f4 d5 14. f5 Nc4 15. Bxc4 dxc4 16. fxg6 fxg6 17. Nf4 Nf8 18. Nge2 Rb8 19. c3 Bg4 20. Rdf1 Qc8 21. d5 c5 22. d6 e6 23. Nxg6 Nxg6 24. d7+ 0-1

[Event "Ceske Budejovice op"]
[Site "Ceske Budejovice"]
[Date "2021.07.08"]
[Round "8"]
[White "Mametev, Artem"]
[Black "Fiser, Jiri1111"]
[Result "1-0"]
[WhiteElo "1515"]
[BlackElo "1857"]
[PlyCount "73"]
[EventDate "2021.07.01"]
[EventType "swiss"]
[EventRounds "9"]
[EventCountry "CZE"]
[SourceTitle "CBM 203 Extra"]
[Source "ChessBase"]
[SourceDate "2021.09.30"]
[SourceVersion "1"]
[SourceVersionDate "2021.09.30"]
[SourceQuality "1"]

1. d4 Nf6 2. Bf4 d5 3. e3 Bf5 4. Nf3 e6 5. Bd3 Bg6 6. h3 Bd6 7. Ne5 Nbd7 8. Nd2 Bxe5 9. dxe5 Nh5 10. Bh2 Bxd3 11. cxd3 g6 12. 0-0 Qe7 13. Rc1 0-0-0 14. Qc2 c6 15. Nb3 Kb8 16. d4 Rc8 17. Rfd1 Rc7 18. Rd3 Rhc8 19. Rc3 Ng7 20. e4 Ne8 21. a4 dxe4 22. a5 a6 23. Qxe4 Ka8 24. Nd2 Qb4 25. Nc4 Rd8 26. Qh4 Rcc8 27. Qxh7 Qe7 28. Qh6 Rc7 29. Nd6 Nb8 30. Bf4 Rcd7 31. Bg5 f6 32. Nxe8 fxg5 33. Nd6 Rg8 34. Rg3 Rxd6 35. exd6 Qxd6 36. Rxg5 Qxd4 37. Rxg6 1-0

[Event "Ceske Budejovice op"]
[Site "Ceske Budejovice"]
[Date "2021.07.02"]
[Round "2"]
[White "Mametev, Artem"]
[Black "Bombek, Peter"]
[Result "0-1"]
[WhiteElo "1515"]
[BlackElo "2183"]
[PlyCount "40"]
[EventDate "2021.07.01"]
[EventType "swiss"]
[EventRounds "9"]
[EventCountry "CZE"]
[SourceTitle "CBM 203 Extra"]
[Source "ChessBase"]
[SourceDate "2021.09.30"]
[SourceVersion "1"]
[SourceVersionDate "2021.09.30"]
[SourceQuality "1"]

1. e4 e6 2. d4 d5 3. exd5 exd5 4. Nf3 Bd6 5. Bd3 Ne7 6. 0-0 0-0 7. h3 Bf5 8. Re1 Nbc6 9. c3 h6 10. Bxf5 Nxf5 11. Qb3 Rb8 12. Kh1 Re8 13. Rxe8+ Qxe8 14. Qc2 Nh4 15. Be3 Nxf3 16. gxf3 Qe6 17. Kg2 Ne7 18. Nd2 Nf5 19. Re1 Qg6+ 20. Kh1 Ng3+ 0-1

[Event "CZE-ch Betsys Online Blitz"]
[Site "Chess.com INT"]
[Date "2021.04.17"]
[Round "13"]
[White "Jirka, Jiri"]
[Black "Mametev, Artem"]
[Result "1-0"]
[WhiteElo "2392"]
[BlackElo "1515"]
[PlyCount "91"]
[EventDate "2021.04.17"]
[EventType "swiss (blitz)"]
[EventRounds "13"]
[EventCountry "CZE"]
[SourceTitle "CBM 201 Extra"]
[Source "ChessBase"]
[SourceDate "2021.05.31"]
[SourceVersion "1"]
[SourceVersionDate "2021.05.31"]
[SourceQuality "1"]

1. d4 Nf6 2. c4 e6 3. g3 Bb4+ 4. Bd2 Bxd2+ 5. Qxd2 d5 6. Bg2 0-0 7. Nf3 Nbd7 8. 0-0 dxc4 9. Qc2 Nb6 10. Nbd2 Bd7 11. a4 a5 12. Ne5 Bxa4 13. Rxa4 Nxa4 14. Qxa4 Qxd4 15. Nexc4 c6 16. Qc2 b5 17. Ne3 Rac8 18. Nb3 Qb4 19. Rc1 Nd5 20. Bxd5 exd5 21. Nf5 a4 22. Nc5 Qg4 23. Ne7+ Kh8 24. Nxc8 Rxc8 25. e3 Qb4 26. Nd3 Qd6 27. Qc3 h6 28. h4 Kh7 29. Qd4 a3 30. bxa3 Qxa3 31. Rc3 Qa1+ 32. Kg2 Qa6 33. Nb4 Qb7 34. Qc5 Qd7 35. Nxd5 b4 36. Nxb4 Qd2 37. Nxc6 Ra8 38. Qf5+ Kg8 39. Ne7+ Kf8 40. Rc8+ Rxc8 41. Nxc8 Qd8 42. Qc5+ Ke8 43. Nd6+ Kd7 44. Nxf7 Qa8+ 45. Kh2 Qf3 46. Ne5+ 1-0

[Event "CZE-ch Betsys Online Blitz"]
[Site "Chess.com INT"]
[Date "2021.04.17"]
[Round "7"]
[White "Mametev, Artem"]
[Black "Mica, Marek"]
[Result "0-1"]
[WhiteElo "1515"]
[BlackElo "2274"]
[PlyCount "170"]
[EventDate "2021.04.17"]
[EventType "swiss (blitz)"]
[EventRounds "13"]
[EventCountry "CZE"]
[SourceTitle "CBM 201 Extra"]
[Source "ChessBase"]
[SourceDate "2021.05.31"]
[SourceVersion "1"]
[SourceVersionDate "2021.05.31"]
[SourceQuality "1"]

1. d4 Nf6 2. Nc3 d5 3. Bf4 e6 4. Nb5 Na6 5. e3 c6 6. Nc3 Bd6 7. Bxd6 Qxd6 8. Nf3 0-0 9. Bd3 Nb8 10. e4 dxe4 11. Nxe4 Nxe4 12. Bxe4 Nd7 13. Qd3 Nf6 14. 0-0-0 b6 15. Ne5 Bb7 16. g4 Rac8 17. Rhg1 Rc7 18. h4 Nxe4 19. Qxe4 c5 20. Qf4 cxd4 21. Qxd4 Qe7 22. g5 Rfc8 23. c3 Bd5 24. Kb1 Qc5 25. Qxc5 Rxc5 26. Rd4 R5c7 27. Rgd1 b5 28. Nd3 a5 29. b4 Rxc3 30. bxa5 g6 31. Nb4 Bf3 32. R1d3 Rc1+ 33. Kb2 Bg4 34. Rd8+ Kg7 35. Rxc8 Rxc8 36. a6 Ra8 37. Rd6 h6 38. Rb6 hxg5 39. hxg5 Bf3 40. Rxb5 Ra7 41. a4 Bd5 42. Nxd5 exd5 43. Kc3 Rxa6 44. a5 Kf8 45. Rxd5 Ke7 46. Kb4 Ke6 47. Rb5 Ra8 48. Rb6+ Kd7 49. Kb5 Kc7 50. Rf6 Rf8 51. a6 Kb8 52. Kb6 Ka8 53. a7 Re8 54. Rc6 Rd8 55. Rc7 Rd6+ 56. Rc6 Rd8 57. Kc7 Re8 58. Rd6 Re5 59. Rd8+ Kxa7 60. Kd7 Rxg5 61. Ke7 Rf5 62. Rd7+ Kb6 63. Rd2 Kc5 64. Rc2+ Kd4 65. Kd6 Ke4 66. Re2+ Kf3 67. Rd2 Kg2 68. f4+ Kg3 69. Ke7 Kxf4 70. Rd6 Kg5 71. Kd7 Kh6 72. Kc6 Kg7 73. Kc7 g5 74. Rd4 Kg6 75. Rg4 Rf4 76. Rg3 g4 77. Kd6 f5 78. Ke5 Kg5 79. Rg1 Rf3 80. Kd4 g3 81. Rg2 Kg4 82. Ke5 Rf2 83. Kf6 Rxg2 84. Kg6 f4 85. Kh6 f3 0-1

[Event "CZE-ch Betsys Online Blitz"]
[Site "Chess.com INT"]
[Date "2021.04.17"]
[Round "9"]
[White "Mametev, Artem"]
[Black "Soural, Jan"]
[Result "0-1"]
[WhiteElo "1515"]
[BlackElo "2246"]
[PlyCount "126"]
[EventDate "2021.04.17"]
[EventType "swiss (blitz)"]
[EventRounds "13"]
[EventCountry "CZE"]
[SourceTitle "CBM 201 Extra"]
[Source "ChessBase"]
[SourceDate "2021.05.31"]
[SourceVersion "1"]
[SourceVersionDate "2021.05.31"]
[SourceQuality "1"]

1. e4 c5 2. Nf3 Nc6 3. d4 cxd4 4. Nxd4 g6 5. Nc3 Bg7 6. Be3 Nf6 7. Bc4 0-0 8. Bb3 d6 9. 0-0 Bd7 10. Re1 Rc8 11. Qd2 Ng4 12. Nxc6 bxc6 13. Bd4 e5 14. Bxa7 Be6 15. Bxe6 fxe6 16. Be3 Qh4 17. h3 Nxe3 18. Qxe3 d5 19. Qg3 Qxg3 20. fxg3 Rfe8 21. a4 Bf8 22. a5 Bc5+ 23. Kh1 Rb8 24. Na4 Bf2 25. Rf1 Bxg3 26. a6 Ra8 27. Nc5 Ra7 28. Rf3 Bh4 29. Rb3 Bf2 30. Nb7 Rea8 31. Rba3 dxe4 32. Nd6 Bc5 33. Rc3 Bxd6 34. Rxc6 Be7 35. Rxe6 Kf7 36. Rxe5 Rxa6 37. Rxa6 Rxa6 38. Rxe4 Bd6 39. Kg1 Bg3 40. Kf1 Rf6+ 41. Ke2 Rf2+ 42. Ke3 Rxc2 43. b4 Rxg2 44. Kf3 Rg1 45. b5 Bd6 46. b6 Rb1 47. Rh4 h5 48. Ke4 Rb4+ 49. Kd5 Rxh4 50. Kxd6 Rb4 51. Kc7 g5 52. Kb7 g4 53. hxg4 hxg4 54. Kc6 g3 55. b7 g2 56. b8Q Rxb8 57. Kd5 Re8 58. Kd4 g1Q+ 59. Kd5 Qd1+ 60. Kc6 Rc8+ 61. Kb7 Rc2 62. Kb6 Qb1+ 63. Ka5 Ra2# 0-1

[Event "CZE-ch Betsys Online Blitz"]
[Site "Chess.com INT"]
[Date "2021.04.17"]
[Round "10"]
[White "Rakintsev, Serhiy"]
[Black "Mametev, Artem"]
[Result "0-1"]
[WhiteElo "1739"]
[BlackElo "1515"]
[PlyCount "92"]
[EventDate "2021.04.17"]
[EventType "swiss (blitz)"]
[EventRounds "13"]
[EventCountry "CZE"]
[SourceTitle "CBM 201 Extra"]
[Source "ChessBase"]
[SourceDate "2021.05.31"]
[SourceVersion "1"]
[SourceVersionDate "2021.05.31"]
[SourceQuality "1"]

1. e4 c5 2. Nf3 Nc6 3. Bc4 e6 4. 0-0 d5 5. exd5 exd5 6. Bb3 Nf6 7. a4 Be7 8. d3 0-0 9. Nc3 Bg4 10. h3 Bh5 11. Qd2 Bxf3 12. gxf3 Nd4 13. Qf4 Bd6 14. Qe3 Re8 15. Ne4 dxe4 16. fxe4 Bf4 17. Qxf4 Ne2+ 18. Kh2 Nxf4 19. Bxf4 Nh5 20. Bg3 Nxg3 21. fxg3 Re7 22. Rf4 Qd4 23. Raf1 Rf8 24. Rf5 Qxb2 25. Rxc5 b6 26. Rcf5 Rc7 27. R5f2 g6 28. h4 Qc3 29. Kh3 Kg7 30. h5 Re7 31. Kh4 Qe5 32. g4 g5+ 33. Kh3 a5 34. h6+ Kxh6 35. Rh1 Kg7 36. Rf5 Qc3 37. Rxg5+ Kf6 38. Rf5+ Kg6 39. Kg3 Qd2 40. Rhh5 Qe1+ 41. Kg2 Qe2+ 42. Kg1 Qxg4+ 43. Kh1 Qxh5+ 44. Rxh5 Kxh5 45. Kh2 f5 46. exf5 Rxf5 0-1